| 000 -LEADER |
| fixed length control field |
00509cam a2200181 a 4500 |
| 020 ## - INTERNATIONAL STANDARD BOOK NUMBER |
| ISBN |
2738410162 |
| 040 ## - CATALOGING SOURCE |
| Transcribing agency |
SzGBNU |
| 041 1# - LANGUAGE CODE |
| Language code of original and/or intermediate translations of text |
eng |
| 082 ## - DEWEY DECIMAL CLASSIFICATION NUMBER |
| Classification number |
630 PAN 1991 A046 Or. |
| 100 1# - MAIN ENTRY--AUTHOR NAME |
| Personal name |
Kerkhof, Paul. |
| 245 10 - TITLE STATEMENT |
| Title |
Agroforesterie en Afrique / |
| 260 ## - PUBLICATION, DISTRIBUTION, ETC. (IMPRINT) |
| Place of publication |
Paris : |
| Name of publisher |
Panos : |
| -- |
L'Harmattan, |
| Year of publication |
1991. |
| 300 ## - PHYSICAL DESCRIPTION |
| Number of Pages |
253 p. : |
| Other physical details |
ill. ; |
| Dimensions |
25 cm. |
| 500 ## - GENERAL NOTE |
| General note |
Translation of: Agroforestry in Africa. |
| 500 ## - GENERAL NOTE |
| General note |
Includes bibliographical references and index. |
| 650 #0 - SUBJECT ADDED ENTRY--TOPICAL TERM |
| Topical Term |
Agroforestry projects |
| 942 ## - ADDED ENTRY ELEMENTS (KOHA) |
| Koha item type |
សៀវភៅភាសាបារាំង |
| 952 ## - LOCATION AND ITEM INFORMATION (KOHA) |
| Withdrawn status [LOCAL, KOHA] |
0 |